000 00494pab a2200181 454500
008 180718b2008 xxu||||| |||| 00| 0 eng d
100 _aChakravarty, Deepita
245 _aGirl children in the care economy: domestics in West Bengal
260 _c2008
300 _ap.93-100.
362 _a29 Nov
650 _aWomen workers - India - West Bengal
650 _aWomen workers
700 _aChakravarty, Ishita
773 _aEconomic and Political Weekly
908 _aN
909 _a80814
999 _c80814
_d80814